| 000 | 00436nam a2200181Ia 4500 | ||
|---|---|---|---|
| 001 | 10555 | ||
| 005 | 20260306161840.0 | ||
| 008 | 260306t1970||||xx |||||||||||||| ||spa|| | ||
| 041 | _aESP | ||
| 082 |
_a940.25 _bH19 |
||
| 100 |
_aHampson, Norman _eAUT |
||
| 245 | 0 | _aHistoria social de la revolución Francesa | |
| 260 | _c1970 | ||
| 300 |
_a365 pƔginas : _c18 cm. |
||
| 650 | _aGEN | ||
| 654 | _aCHU | ||
| 942 |
_cLIB _dJUS _fJUS _2ddc _n |
||
| 999 |
_c10555 _d10555 |
||